Statistics for Minecraft Nether Blocks, Items, and Mobs

Click here to take the quiz!

General Stats

  • This quiz has been taken 21 times
  • The average score is 28 of 160

Answer Stats

CategoryAnswer% Correct
BlackstoneBlackstone
69%
NatureNetherrack
69%
BasaltBasalt
56%
OreAncient Debris
50%
OreNether Quartz
50%
BricksNether Brick
44%
Mob DropsBlaze Rod
38%
OreGold Nugget
38%
ArmorNetherite Boots
38%
ArmorNetherite Chestplate
38%
ArmorNetherite Helmet
38%
ArmorNetherite Leggings
38%
BlackstonePolished Blackstone
38%
NatureSoul Soil
38%
NatureWarped Fungus
38%
Mob DropsCoal
31%
WoodCrimson Planks
31%
OreGold Ingot
31%
NatureLava
31%
NatureMagma Block
31%
OreNether Gold Ore
31%
ToolsNetherite Axe
31%
ToolsNetherite Hoe
31%
OreNetherite Ingot
31%
ToolsNetherite Pickaxe
31%
ToolsNetherite Sword
31%
NatureNether Wart
31%
WoodWarped Planks
31%
WoodWarped Stem
31%
Mob DropsBone
25%
NatureCrimson Fungus
25%
WoodCrimson Hyphae
25%
WoodCrimson Stem
25%
ToolsGolden Sword
25%
StoneGravel
25%
Mob DropsMagma Cream
25%
BricksNether Brick Fence
25%
BricksNether Brick Stairs
25%
ToolsNetherite Shovel
25%
BasaltPolished Basalt
25%
Mob DropsRotten Flesh
25%
StoneStone
25%
ToolsStone Sword
25%
NatureWarped Hyphae
25%
Mob DropsWither Skeleton Skull
25%
OreBlock of Gold
19%
OreBlock of Netherite
19%
Partial BlockChain
19%
BlackstoneCracked Polished Blackstone Bricks
19%
WoodCrimson Door
19%
WoodCrimson Fence
19%
NatureCrimson Nylium
19%
WoodCrimson Slab
19%
WoodCrimson Stairs
19%
StoneCrying Obsidian
19%
BlackstoneGilded Blackstone
19%
NatureGlowstone
19%
ToolsGolden Axe
19%
ArmorGolden Helmet
19%
BricksNether Brick Slab
19%
BricksNether Brick Wall
19%
OreNetherite Scrap
19%
OreNether Quartz Ore
19%
Mob DropsNether Star
19%
NatureNether Wart Block
19%
StoneObsidian
19%
NatureShroomlight
19%
BasaltSmooth Basalt
19%
CraftingSoul Torch
19%
Mob DropsString
19%
NatureStripped Crimson Hyphae
19%
WoodStripped Crimson Stem
19%
NatureStripped Warped Hyphae
19%
NatureWarped Nylium
19%
WoodWarped Slab
19%
WoodWarped Stairs
19%
BlackstoneBlackstone Slab
13%
BlackstoneBlackstone Stairs
13%
CraftingBlaze Powder
13%
BricksChiseled Nether Bricks
13%
BlackstoneChiseled Polished Blackstone
13%
BricksCracked Nether Bricks
13%
WoodCrimson Fence Gate
13%
WoodCrimson Trapdoor
13%
Mob DropsCrossbow
13%
Mob DropsGhast Tear
13%
ArmorGolden Boots
13%
ArmorGolden Chestplate
13%
ToolsGolden Hoe
13%
ArmorGolden Leggings
13%
ToolsGolden Pickaxe
13%
ToolsGolden Shovel
13%
BricksNether Brick Block
13%
BlackstonePolished Blackstone Bricks
13%
BlackstonePolished Blackstone Brick Wall
13%
BlackstonePolished Blackstone Slab
13%
BlackstonePolished Blackstone Stairs
13%
BlackstonePolished Blackstone Wall
13%
CraftingRespawn Anchor
13%
CraftingSoul Lantern
13%
ToolsStone Axe
13%
ToolsStone Hoe
13%
ToolsStone Pickaxe
13%
WoodStripped Warped Stem
13%
NatureTwisting Vines
13%
WoodWarped Door
13%
WoodWarped Fence
13%
NatureWarped Wart Block
13%
NatureWeeping Vines
13%
ToolsWooden Axe
13%
ToolsWooden Hoe
13%
ToolsWooden Pickaxe
13%
ToolsWooden Shovel
13%
ToolsWooden Sword
13%
BlackstoneBlackstone Wall
6%
OreBlock of Quartz
6%
StoneCobblestone
6%
WoodCrimson Button
6%
WoodCrimson Pressure Plate
6%
Mob DropsGunpowder
6%
NatureNether Sprouts
6%
BlackstonePolished Blackstone Brick Slab
6%
BlackstonePolished Blackstone Brick Stairs
6%
BlackstonePolished Blackstone Button
6%
BlackstonePolished Blackstone Pressure Plate
6%
BricksRed Nether Brick Block
6%
BricksRed Nether Brick Slab
6%
BricksRed Nether Brick Stairs
6%
BricksRed Nether Brick Wall
6%
OreSmooth Quartz Block
6%
CraftingSoul Campfire
6%
WoodStick
6%
WoodWarped Button
6%
WoodWarped Fence Gate
6%
WoodWarped Trapdoor
6%
OtherWither Rose
6%
CraftingBlack Dye
0%
CraftingBlock of Coal
0%
OreChiseled Quartz Block
0%
StoneChiseled Stone Bricks
0%
StoneCracked Stone Bricks
0%
WoodCrafting Table
0%
StoneDiorite
0%
Mob DropsFire Charge
0%
NatureFlowing Lava
0%
ToolsFurnace
0%
StoneMossy Stone Brick
0%
StoneMossy Stone Brick Slab
0%
StoneMossy Stone Brick Stairs
0%
StoneMossy Stone Brick Wall
0%
OrePillar Quartz Block
0%
OreQuartz Stairs
0%
OreSmooth Quartz Stairs
0%
StoneStone Bricks
0%
StoneStone Brick Stairs
0%
WoodWarped Pressure Plate
0%
OreWeighted Pressure Plate (Light)
0%

Score Distribution

Percentile by Number Answered

Percent of People with Each Score

Your Score History

You have not taken this quiz